| Поле | Название | Значение |
| |
Тип записи |
a |
| |
Библиографический уровень |
m |
| 001 |
Контрольный номер |
RU/REG73/CBS_GRAD/fcc1f121f64f40918ec312428b06012b |
| 005 |
Дата корректировки |
20260320165136.5 |
| 010 |
Индекс ISBN |
__ |
| a |
ISBN |
5-88590-813-3 |
| b |
Уточнения |
в пер. |
| 9 |
Тираж |
15000 экз. |
| 100 |
Данные общей обработки |
__ |
| a |
Данные общей обработки |
20260320d1999 |||y0rusy0189## ca |
| 101 |
Язык документа |
0_ |
| a |
Язык текста |
rus |
| 102 |
Страна публикации |
__ |
| a |
Страна публикации |
RU |
| 105 |
Кодированные данные (монография) |
__ |
| a |
Кодированные данные (монография) |
a z 000yy |
| 200 |
Заглавие и сведения об ответственности |
1_ |
| a |
Заглавие |
Адмирал Нахимов |
| f |
Первые сведения об ответственности |
Эмин Бекир-Заде |
| g |
Последующие сведения об ответственности |
художники Ю. Каштанов, Д. Гаврилов |
| g |
Последующие сведения об ответственности |
отв. редактор Г. Туфанова |
| 203 |
Вид содержания и тип средства |
__ |
| a |
Вид содержания |
Текст |
| b |
Характеристика содержания |
визуальный |
| c |
Тип средства |
непосредственный |
| 210 |
Выходные данные |
1_ |
| a |
Место издания |
Москва |
| c |
Издательство |
Олимп |
| 210 |
Выходные данные |
1_ |
| a |
Место издания |
Смоленск |
| c |
Издательство |
Русич |
| d |
Дата издания |
1999 |
| 215 |
Физическое описание |
__ |
| a |
Объем |
272 с. |
| c |
Иллюстрации/тип воспроизводства |
ил., цв. ил. |
| d |
Формат |
22 см |
| 225 |
Серия |
1_ |
| a |
Серия |
Портреты великих |
| 600 |
Персоналии |
_1 |
| a |
Персоналии (Фамилия) |
Нахимов |
| b |
Персоналии (Имя, инициалы) |
П. С. |
| g |
Полное имя |
Павел Степанович |
| z |
Хронологический подзаголовок |
23.06.1802г. - 28.06.1855г. |
| 606 |
Тематические рубрики |
0_ |
| a |
Основная рубрика |
История России 19 в. |
| x |
Основная подрубрика |
История российского флота |
| 610 |
Ключевые слова |
0_ |
| a |
Ключевые слова |
великие полководцы |
| 610 |
Ключевые слова |
0_ |
| a |
Ключевые слова |
русские адмиралы |
| 610 |
Ключевые слова |
0_ |
| a |
Ключевые слова |
история российского флота |
| 610 |
Ключевые слова |
0_ |
| a |
Ключевые слова |
военные подвиги |
| 686 |
Индексы других классификаций |
__ |
| a |
Классификационный индекс |
63.3(2)47 |
| 2 |
Код системы |
rubbk |
| 700 |
Автор |
_1 |
| a |
Фамилия |
Бекир-Заде |
| b |
Имя (инициалы) |
Э. |
| g |
Полное личное имя |
Эмин |
| 702 |
Вторичная интеллектуальная ответственность |
_1 |
| a |
Фамилия |
Каштанов |
| b |
Имя (инициалы) |
Ю. Е. |
| g |
Полное личное имя |
Юрий Евгеньевич |
| 4 |
Код отношения |
040 |
| 702 |
Вторичная интеллектуальная ответственность |
_1 |
| a |
Фамилия |
Гаврилов |
| b |
Имя (инициалы) |
Д. И. |
| 4 |
Код отношения |
040 |
| 702 |
Вторичная интеллектуальная ответственность |
_1 |
| a |
Фамилия |
Туфанова |
| b |
Имя (инициалы) |
Г. В. |
| 4 |
Код отношения |
340 |
| 801 |
Источник записи |
_0 |
| a |
Страна |
RU |
| b |
Организация |
RuCBSGrad |
| c |
Дата составления |
20260320 |
| g |
Правила каталогизации |
RCR |
| 801 |
Источник записи |
_1 |
| a |
Страна |
RU |
| b |
Организация |
RuCBSGrad |
| c |
Дата составления |
20260320 |
| g |
Правила каталогизации |
RCR |
| 852 |
Данные о местонахождении |
__ |
| a |
Наименование организации |
МБУК "ЦБС г.Димитровграда" |
| i |
Авторский знак |
Б 42 |
| z |
Тип записи |
R |
| 901 |
Тип документа |
__ |
| t |
Тип документа |
m |
| 909 |
Создатель записи |
__ |
| a |
Создатель записи |
Гонюкова |
| b |
Дата создания записи |
20260320 |